[Event "Reykjavik op"]
[White "Carr, Jay A"]
[Black "Clare, Philip"]
[Site "Reykjavik"]
[Round "1"]
[Result "0-1"]
[Date "2024.03.15"]
[WhiteElo "1826"]
[BlackElo "1607"]
[PlyCount "40"]
[EventDate "2024.03.15"]
[EventType "swiss"]
[EventRounds "9"]
[EventCountry "ISL"]
[SourceTitle "CBM 219 Extra"]
[Source "ChessBase"]
[SourceDate "2024.05.31"]
[SourceVersion "1"]
[SourceVersionDate "2024.05.31"]
[SourceQuality "1"]

1. Nf3 c5 2. b3 Nc6 3. e3 e6 4. Bb2 Nf6 5. c4 Be7 6. Be2 d5 7. cxd5 exd5 8. 0-0 Bf5 9. d3 0-0 10. Nh4 Be6 11. f4 Ng4 12. Bxg4 Bxh4 13. f5 Bf6 14. Nc3 Bc8 15. Bf3 Bxf5 16. Qb1 Nb4 17. e4 dxe4 18. dxe4 Bg6 19. a3 Nd3 20. Qd1 Qd4+ 0-1

[Event "Douglas Major & Minor op"]
[White "Sipos, Silvester"]
[Black "Carr, Jay A"]
[Site "Douglas"]
[Round "6"]
[Result "1-0"]
[Date "2023.11.02"]
[WhiteElo "1950"]
[BlackElo "1683"]
[PlyCount "61"]
[EventDate "2023.10.28"]
[EventType "swiss"]
[EventRounds "7"]
[EventCountry "IOM"]
[SourceTitle "CBM 217 Extra"]
[Source "ChessBase"]
[SourceDate "2024.01.31"]
[SourceVersion "1"]
[SourceVersionDate "2024.01.31"]
[SourceQuality "1"]

1. d4 Nf6 2. Nc3 d5 3. Bf4 c5 4. e3 cxd4 5. exd4 a6 6. Bd3 Nc6 7. Nge2 Nb4 8. a3 Nxd3+ 9. Qxd3 e6 10. f3 Bd6 11. Bxd6 Qxd6 12. Qe3 0-0 13. g4 Nd7 14. f4 f6 15. h4 b5 16. g5 Bb7 17. Rg1 Kh8 18. Qg3 Rg8 19. Nd1 Rae8 20. Ne3 e5 21. 0-0-0 Qe6 22. f5 Qe7 23. g6 h6 24. Ng4 Nb6 25. dxe5 Bc8 26. e6 Rd8 27. Nxh6 gxh6 28. Qe3 Kg7 29. Qxb6 Rd6 30. Qd4 Rgd8 31. Nf4 1-0

[Event "Douglas Major & Minor op"]
[White "Griffin, John P"]
[Black "Carr, Jay A"]
[Site "Douglas"]
[Round "4"]
[Result "0-1"]
[Date "2023.10.31"]
[WhiteElo "1646"]
[BlackElo "1683"]
[PlyCount "60"]
[EventDate "2023.10.28"]
[EventType "swiss"]
[EventRounds "7"]
[EventCountry "IOM"]
[SourceTitle "CBM 217 Extra"]
[Source "ChessBase"]
[SourceDate "2024.01.31"]
[SourceVersion "1"]
[SourceVersionDate "2024.01.31"]
[SourceQuality "1"]

1. e4 c5 2. Nf3 e6 3. d4 cxd4 4. Nxd4 Nc6 5. Nxc6 bxc6 6. Bd3 Nf6 7. Be3 d5 8. Nd2 Be7 9. e5 Nd7 10. f4 Nc5 11. Bxc5 Bxc5 12. Nb3 Be7 13. Qf3 a5 14. a4 Qb6 15. Ke2 Ba6 16. g4 c5 17. Qe3 Rb8 18. Bxa6 Qxa6+ 19. Kf3 0-0 20. Qc3 d4 21. Qxa5 Rxb3+ 22. cxb3 Qxa5 23. Rhc1 Qd2 24. a5 Qe3+ 25. Kg2 Qxf4 26. a6 Qxg4+ 27. Kh1 Qe4+ 28. Kg1 Bg5 29. Rxc5 Be3+ 30. Kf1 Qf3+ 0-1

[Event "Isle of Man Major op"]
[White "Carr, Jay A"]
[Black "Landenberger, Anja Kathrin"]
[Site "Isle of Man"]
[Round "6"]
[Result "1-0"]
[Date "2019.10.17"]
[WhiteElo "1782"]
[BlackElo "1788"]
[PlyCount "111"]
[EventDate "2019.10.12"]
[EventType "swiss"]
[EventRounds "7"]
[EventCountry "IOM"]
[SourceTitle "CBM 192 Extra"]
[Source "Chessbase"]
[SourceDate "2019.11.06"]
[SourceVersion "1"]
[SourceVersionDate "2019.11.06"]
[SourceQuality "1"]

1. c4 c6 2. g3 d5 3. Bg2 e6 4. Nf3 Nf6 5. 0-0 Nbd7 6. d4 dxc4 7. Qc2 Be7 8. a4 a5 9. Qxc4 Nb6 10. Qc2 Nbd5 11. Bd2 Nb4 12. Bxb4 Bxb4 13. Nc3 0-0 14. Rfd1 Qe7 15. e4 Rd8 16. Na2 Bd7 17. Ne5 Be8 18. Rd3 Rac8 19. Rad1 c5 20. Nxb4 cxb4 21. Qb3 Qc7 22. d5 Qxe5 23. f4 Qc7 24. d6 Qc5+ 25. Kf1 Bc6 26. Rd4 h6 27. Rc4 Bxa4 28. Rxc5 Bxb3 29. Rxc8 Rxc8 30. Re1 Nd7 31. e5 Bd5 32. Bxd5 exd5 33. f5 Kf8 34. e6 fxe6 35. fxe6 Nf6 36. Re5 Rd8 37. e7+ Ke8 38. exd8Q+ Kxd8 39. Re7 b6 40. Rxg7 a4 41. Ra7 a3 42. bxa3 bxa3 43. Rxa3 Kd7 44. Rb3 Kc6 45. Rb4 Nd7 46. Rh4 Kxd6 47. Rxh6+ Kc5 48. Ke2 Ne5 49. h4 b5 50. Re6 Kd4 51. h5 b4 52. h6 Nf7 53. Kd2 b3 54. Rf6 Ng5 55. Rf4+ Kc5 56. Kc3 1-0

[Event "Isle of Man Major op"]
[White "Waddington, Mike P"]
[Black "Carr, Jay A"]
[Site "Isle of Man"]
[Round "5"]
[Result "1-0"]
[Date "2019.10.16"]
[WhiteElo "2041"]
[BlackElo "1782"]
[PlyCount "77"]
[EventDate "2019.10.12"]
[EventType "swiss"]
[EventRounds "7"]
[EventCountry "IOM"]
[SourceTitle "CBM 192 Extra"]
[Source "Chessbase"]
[SourceDate "2019.11.06"]
[SourceVersion "1"]
[SourceVersionDate "2019.11.06"]
[SourceQuality "1"]

1. Nc3 d5 2. e4 d4 3. Nce2 e5 4. Ng3 Be6 5. Nf3 f6 6. Be2 Bd6 7. 0-0 Nc6 8. Bb5 Nge7 9. d3 Qd7 10. c3 a6 11. Ba4 b5 12. Bb3 Bc5 13. Nh5 0-0 14. Qc2 Bb6 15. cxd4 Nxd4 16. Nxd4 Bxd4 17. Ng3 Bb6 18. Be3 c5 19. Bxc5 Rfc8 20. Bxe6+ Qxe6 21. b4 a5 22. a3 axb4 23. axb4 Rxa1 24. Rxa1 Nc6 25. Qb2 Bxc5 26. bxc5 Nd4 27. Nf5 Rxc5 28. Ra8+ Kf7 29. Ra7+ Kf8 30. Nxd4 exd4 31. Qa3 Qc6 32. h3 Qd6 33. g3 b4 34. Qb3 Rc7 35. Ra8+ Ke7 36. Qg8 Rc1+ 37. Kg2 Qc7 38. Re8+ Kd6 39. Qd5# 1-0

[Event "Gibraltar Amateur op-A"]
[White "Whitworth, John"]
[Black "Carr, Jay A"]
[Site "Caleta"]
[Round "5"]
[Result "0-1"]
[Date "2019.01.25"]
[WhiteElo "1690"]
[BlackElo "1842"]
[PlyCount "76"]
[EventDate "2019.01.21"]
[EventType "swiss"]
[EventRounds "5"]
[EventCountry "GGB"]
[SourceTitle "CBM 188 Extra"]
[Source "ChessBase"]
[SourceDate "2019.02.28"]
[SourceVersion "1"]
[SourceVersionDate "2019.02.28"]
[SourceQuality "1"]

1. e4 d5 2. exd5 Nf6 3. d4 Bg4 4. f3 Bf5 5. Bb5+ Nbd7 6. Nc3 a6 7. Ba4 b5 8. Bb3 Nb6 9. Nge2 Nbxd5 10. Ng3 Bg6 11. 0-0 e6 12. Bg5 c6 13. Re1 Be7 14. Nce4 0-0 15. Nc5 a5 16. c4 bxc4 17. Bxc4 Bxc5 18. dxc5 Qe7 19. Qd4 Nb4 20. Bb3 Rfd8 21. Qe5 Nd3 22. Qc3 a4 23. Bc2 Nxe1 24. Rxe1 Rd5 25. Be3 Bxc2 26. Qxc2 Qa7 27. Ne4 Nxe4 28. Qxe4 Rad8 29. Qb4 Rb8 30. Qa3 Qa5 31. Bf2 Qb4 32. Qxb4 Rxb4 33. b3 axb3 34. axb3 Rxb3 35. Ra1 h6 36. h3 Rd2 37. Ra8+ Kh7 38. Rc8 Rb1+ 0-1

[Event "Cardinal op"]
[White "Carr, Jay A"]
[Black "Wang, Jason"]
[Site "Columbus"]
[Round "1"]
[Result "0-1"]
[Date "2018.01.26"]
[WhiteElo "1846"]
[BlackElo "2064"]
[PlyCount "30"]
[EventDate "2018.01.26"]
[EventType "swiss"]
[EventRounds "5"]
[EventCountry "USA"]
[SourceTitle "EXT 2023"]
[Source "ChessBase"]
[SourceDate "2022.10.05"]
[SourceVersion "1"]
[SourceVersionDate "2022.10.05"]
[SourceQuality "1"]

1. c4 e5 2. g3 Nc6 3. Bg2 Bc5 4. Nc3 a6 5. e3 d6 6. Nge2 Ba7 7. 0-0 h5 8. d4 h4 9. b3 hxg3 10. hxg3 Qf6 11. e4 Nxd4 12. Nd5 Nf3+ 13. Bxf3 Qxf3 14. Nxc7+ Kd7 15. Nxa8 Qh1# 0-1

[Event "Michigan Class B"]
[White "Carr, Jay A"]
[Black "Li, Derek"]
[Site "Auburn Hills"]
[Round "2.8"]
[Result "0-1"]
[Date "2005.01.15"]
[WhiteElo "1600"]
[BlackElo "1695"]
[PlyCount "123"]
[EventDate "2005.01.15"]
[EventType "swiss"]
[EventRounds "5"]
[EventCountry "USA"]
[SourceTitle "EXT 2006"]
[Source "ChessBase"]
[SourceDate "2005.11.24"]
[SourceVersion "1"]
[SourceVersionDate "2005.11.24"]
[SourceQuality "1"]

1. c4 Nf6 2. Nc3 g6 3. e4 Bg7 4. d4 d6 5. Bg5 0-0 6. Be2 Bd7 7. Nf3 Na6 8. 0-0 c5 9. d5 Nc7 10. Bd3 a6 11. a4 Rb8 12. Qe2 Qe8 13. a5 b5 14. axb6 Rxb6 15. Rfb1 Qb8 16. Ra2 h6 17. Bc1 Kh7 18. Qc2 Ng4 19. h3 Ne5 20. Nxe5 Bxe5 21. Ne2 Qb7 22. Nc3 Rb8 23. Nd1 Rb3 24. Kf1 Ra8 25. Bd2 Qb8 26. Bc3 Bxc3 27. Nxc3 a5 28. Ra3 Rb7 29. b3 Qd8 30. Qa2 Rba7 31. Qe2 Na6 32. Qd1 Nb4 33. Be2 Qh8 34. Na2 Qd4 35. Bf3 Nxa2 36. Rxa2 Qc3 37. Qd2 Qxd2 38. Rxd2 Rb8 39. Bd1 Rab7 40. Ra1 Ra7 41. Rda2 Rba8 42. Ke2 Kg7 43. Ke3 g5 44. f4 Kf6 45. f5 e6 46. fxe6 fxe6 47. Bg4 exd5 48. Bxd7 d4+ 49. Kd3 Rxd7 50. Rxa5 Rxa5 51. Rxa5 Ke5 52. b4 Rc7 53. b5 Kf4 54. Ra2 Ke5 55. Rb2 Ke6 56. Ra2 Kd7 57. Rf2 Ke7 58. Ra2 Rb7 59. Ra3 Ke6 60. Ra2 Rf7 61. Ke2 Rf4 62. Kd3 0-1

[Event "Lansing op"]
[White "Carr, Jay A"]
[Black "Gregory, Kevin"]
[Site "Lansing"]
[Round "3"]
[Result "1/2-1/2"]
[Date "2004.09.04"]
[WhiteElo "1600"]
[BlackElo "1760"]
[PlyCount "43"]
[EventDate "2004.09.03"]
[EventType "swiss"]
[EventRounds "7"]
[EventCountry "USA"]
[SourceTitle "EXT 2007"]
[Source "ChessBase"]
[SourceDate "2006.11.23"]
[SourceVersion "1"]
[SourceVersionDate "2006.11.23"]
[SourceQuality "1"]

1. c4 c6 2. Nc3 Nf6 3. Nf3 d5 4. d4 dxc4 5. a4 h6 6. e3 Bf5 7. Bxc4 e6 8. 0-0 Be7 9. h3 0-0 10. Re1 Ne4 11. Nxe4 Bxe4 12. Bd2 Nd7 13. Bc3 Nb6 14. Bb3 Nd5 15. Rc1 Bd6 16. Bc2 Nxc3 17. bxc3 Bxc2 18. Qxc2 Qc7 19. c4 c5 20. d5 Rfe8 21. e4 exd5 22. Qd2 1/2-1/2